000 00606nam a2200157 i 4500
001 166109
003 ES-MaACL
005 20230906213251.0
008 050907s1874 sp | |||||||| ||spa d
040 _aCAM
_bspa
_cCAM
100 1 _aTejada y España, Félix.
_9133163
245 1 0 _aCompendio clínico médico-quirúrgico y de obstetricia ... /
_cpor Félix Tejada y España.
260 _aMadrid :
_b[s.n.],
_c1874 (
_fImprenta de F. García y Compañía)
300 _a702 p. ;
_c22 cm.
852 _aES-MaACL
_jG-15436
_z-- Enc. hol., conservando la cub. original
_z-- Ex-libris ms. de Gustavo Saenz Diez
999 _c166109
_d166109